00221nam a22000977a 4500020001800000082001700018100001700035245002900052260003300081300000900114 a0-201-00359-7 a536.23 ARP'C aARPACR, V. S aCONDUCTION HEAT TRANSFER aLONDONbADDISON WESLEYc1966 a550P